| 000 | 01700cam a2200361Ii 4500 | ||
|---|---|---|---|
| 999 |
_c9538 _d9538 |
||
| 001 | 49658738 | ||
| 003 | OCoLC | ||
| 005 | 20241126110714.0 | ||
| 008 | 020424r20021999miu 000 0 eng d | ||
| 010 | _a2004555391 | ||
| 020 | _a0310245664 | ||
| 020 | _a9780310245667 | ||
| 020 | _a0310228344 | ||
| 020 | _a9780310228349 | ||
| 035 | _a(OCoLC)49658738 | ||
| 040 |
_aWTS _beng _erda _cWTS _dBAKER _dBTCTA _dYDXCP _dGACCL _dBDX _dOCLCQ _dOCLCF _dOCLCO _dOCLCQ _dOCLCA _dPX9 _dALV |
||
| 050 | 4 |
_aBS1171.2 _b.Y36 2002 |
|
| 050 | 4 |
_aBS1171.2 _b.Y36 2002 |
|
| 082 |
_a221.6 _bYAN |
||
| 100 | 1 |
_aYancey, Philip, _eauthor. _96524 |
|
| 245 | 1 | 4 |
_aThe Bible Jesus read / _cPhilip Yancey. |
| 264 | 1 |
_aGrand Rapids, MI : _bZondervan, _c[2002] |
|
| 264 | 4 | _c℗♭1999 | |
| 300 |
_a221 pages ; _c22 cm |
||
| 336 |
_atext _btxt _2rdacontent |
||
| 337 |
_aunmediated _bn _2rdamedia |
||
| 338 |
_avolume _bnc _2rdacarrier |
||
| 500 | _aThis book has been contributed to the Capital University Library by the Capital University Alumnae Assn in Honor of Dottie Winter, recipient of the 2007 Martha Service Award. | ||
| 505 | 0 | 0 |
_tIs the Old Testament worth the effort? -- _tJob : seeing in the dark -- _tDeuteronomy : a taste of bittersweet -- _tPsalms : spirituality in every key -- _tEcclesiastes : the end of wisdom -- _tProphets : God talks back -- _tAdvance echoes of a final answer. |
| 520 | 0 | _aThe Old Testament is God's biography, the story of his passionate encounters with people and also a prequel to the story of Jesus. This book explores the sometimes shocking and cryptic writings in an effort to know God better. | |
| 630 | 0 | 0 |
_aBible. _pOld Testament _xCriticism, interpretation, etc. _957 |
| 942 |
_2ddc _cBK _04 |
||